| 000 | 00530nam a22001577a 4500 | ||
|---|---|---|---|
| 005 | 20251108164721.0 | ||
| 008 | 250721s2004 xx 000 0 ara d | ||
| 082 | 1 | 4 | _aم/341.2477/رؤي |
| 245 | 1 | 0 | _aرؤية يمنية لمستقبل عربي أفضل "نص مشروع دستور إتحاد الدول العربية" / |
| 264 | 1 |
_aعمان : _bالملحقية الثقافية، _c2004. |
|
| 300 | _a36ص. | ||
| 650 | 1 | 7 | _aجامعه الدول العربيه |
| 650 | 1 | 7 | _aاليمن |
| 942 |
_2ddc _cREF |
||
| 999 |
_c12589 _d12589 |
||